000 00415nam a2200169Ia 4500
008 230524s9999 xx 000 0 und d
082 _a621.3
_bNAK
100 _aB.C.Nakra
245 0 _aInstrumentation Measurement and Analysis
250 _a2ND
260 _aNEW DELHI
_bTMH
_c2005
300 _aXIV;628
500 _aQuantity Number: 109
650 _aElectronics
700 _a K.K.Chaudhry
942 _cBK
999 _c14352
_d14352